| Tag |
First Indicator |
Second Indicator |
Subfields |
| LEADER |
00000cgm a2200000Mi 4500 |
| 001 |
in00005582521 |
| 006 |
m o c |
| 007 |
cr |n||||||||a |
| 007 |
vz |za|z| |
| 008 |
180419s2015 nju001 e o vueng d |
| 005 |
20241201234224.7 |
| 035 |
|
|
|a (OCoLC)on1035410850
|
| 040 |
|
|
|a ALSTP
|b eng
|e rda
|c ALSTP
|d OCLCO
|d OCLCF
|d OCLCA
|d WYU
|d S9I
|d CAUOI
|d OCLCO
|d DXU
|
| 019 |
|
|
|a 1373522391
|a 1443993347
|
| 020 |
|
|
|z 9781118497159
|
| 035 |
|
|
|a (OCoLC)1035410850
|z (OCoLC)1373522391
|z (OCoLC)1443993347
|
| 049 |
|
|
|a TXAM
|
| 245 |
0 |
0 |
|a Office 2013 for dummies user basics course.
|p Opening and closing an Office 2013 application in Windows 8 /
|c [produced by John Wiley & Sons].
|
| 264 |
|
1 |
|a Hoboken, NJ :
|b John Wiley & Sons,
|c 2015.
|
| 300 |
|
|
|a 1 online resource (1 minute)
|
| 306 |
|
|
|a 000038
|
| 336 |
|
|
|a two-dimensional moving image
|b tdi
|2 rdacontent
|
| 337 |
|
|
|a computer
|b c
|2 rdamedia
|
| 337 |
|
|
|a video
|b v
|2 rdamedia
|
| 338 |
|
|
|a online resource
|b cr
|2 rdacarrier
|
| 347 |
|
|
|a video file
|2 rda
|
| 380 |
|
|
|a Videorecording
|
| 490 |
0 |
|
|a Academic Video Online
|
| 500 |
|
|
|a Title from resource description page (viewed April 19, 2018).
|
| 520 |
|
|
|a If Office 2013 was already installed when you bought your computer, then you probably have the Windows 8 operating system. This video shows you how to open and close an Office 2013 application on a computer running Windows 8.
|
| 546 |
|
|
|a In English.
|
| 630 |
0 |
0 |
|a Microsoft Office.
|
| 630 |
0 |
0 |
|a Microsoft Windows (Computer file)
|
| 630 |
0 |
7 |
|a Microsoft Office.
|2 fast
|0 (OCoLC)fst01381546
|
| 630 |
0 |
7 |
|a Microsoft Windows (Computer file)
|2 fast
|0 (OCoLC)fst01367862
|
| 650 |
|
0 |
|a Business
|x Computer programs.
|
| 650 |
|
0 |
|a Operating systems (Computers)
|
| 650 |
|
6 |
|a Systèmes d'exploitation (Ordinateurs)
|
| 650 |
|
7 |
|a Business
|x Computer programs.
|2 fast
|0 (OCoLC)fst00842283
|
| 650 |
|
7 |
|a Operating systems (Computers)
|2 fast
|0 (OCoLC)fst01046280
|
| 655 |
|
7 |
|a Instructional films.
|2 fast
|0 (OCoLC)fst01726236
|
| 655 |
|
7 |
|a Instructional films.
|2 lcgft
|
| 655 |
|
7 |
|a Films de formation.
|2 rvmgf
|
| 710 |
2 |
|
|a John Wiley & Sons,
|e production company.
|
| 776 |
0 |
8 |
|i Original version:
|z 9781118497159
|
| 856 |
4 |
0 |
|u http://proxy.library.tamu.edu/login?url=https://www.aspresolver.com/aspresolver.asp?MARC;3911072
|z Connect to this streaming video (Alexander Street Press)
|t 0
|
| 955 |
|
|
|a Alexander Street Press subscription streaming video
|
| 994 |
|
|
|a 92
|b TXA
|
| 999 |
f |
f |
|s 64238957-c3f3-494d-8a68-9ad4057b8eb0
|i ffcbd7a9-531a-47ad-8fb8-42c97c09f6af
|t 0
|
| 952 |
f |
f |
|a Texas A&M University
|b College Station
|c Electronic Resources
|d Available Online
|t 0
|h Library of Congress classification
|
| 998 |
f |
f |
|t 0
|l Available Online
|